| 000 | 01273nam0a22002891 4500 | ||
|---|---|---|---|
| 001 | rc\2814299 | ||
| 005 | 20250806210950.0 | ||
| 035 | _a(NLR Aleph) 006940089 | ||
| 090 |
_a37902 _c37902 |
||
| 100 | _a20110915d1945 u y0rusy50 ca | ||
| 101 | 0 | _arus | |
| 102 | _aRU | ||
| 105 | _aa z ||||| | ||
| 200 | 1 |
_aРуководство к лабораторным занятиям по электротехнике _fПроф. С. А. Синицын _gМоск. ин-т цвет. металлов и золота им. М. И. Калинина. Кафедра общ. и спец. электротехники |
|
| 210 |
_aМосква _cстеклогр. Минцветметзолото _d1945 |
||
| 215 |
_aТит. л., 173 с., без обл. _cчерт. _d32 см. |
||
| 300 | _aСтеклогр. изд. | ||
| 333 | _aНа правах рукописи | ||
| 700 | 1 |
_aСиницын _bС. А. _cканд. техн. наук, электротехника _f1888-1952 _gСергей Александрович _3RU\NLR\AUTH\770224566 |
|
| 801 | 0 |
_aRU _bNLR _gpsbo |
|
| 801 | 1 |
_aRU _bELAR _2rusmarc |
|
| 852 |
_aNLR _jТ20 Г-7/17 |
||
| 942 | _cBOOK | ||
| 945 | _aРоссийская национальная библиотека | ||
| 980 | _aNB | ||
| 980 | _aBV | ||